| 000 | 00415nam a2200157Ia 4500 | ||
|---|---|---|---|
| 008 | 160316s2011 xxu||||| |||| 00| 0 eng d | ||
| 082 |
_a343.072000 _bBAV |
||
| 100 | _aBavasso Antonio F | ||
| 245 | _aCompetition law handbook | ||
| 250 | _a17th | ||
| 260 |
_aLondon _bLexis Nexis / Butterworths _c2011 |
||
| 300 |
_a2709p _b _cv |
||
| 365 | _b Rs. 11,706 | ||
| 650 | _a1. Competition Law - Handbook | ||
| 700 |
_a _a |
||
| 999 |
_c31777 _d31777 |
||